000 00843nam a2200253 a 4500
008 951121s1987||||[C 0 slo c
020 _c14 Kčs.
_q(5000 výtl.)
040 _aSNK
_bslo
_cSNK
_eAACR2
041 1 _aslo
_hrus
044 _axo
_cSK
080 _a882-3
100 1 _aMarková, Jekaterina Georgijevna
_4aut
245 1 0 _aZriekam sa svojho dieťaťa
_cJekaterina Georgijevna Marková ; Jekaterina Georgijevna Markova, Eva Levárska, Klára Bočkayová, Ľubica Štuková
250 _a1., vyd.
260 _aBratislava
_bSmena
_c1987
_eŽilina
_fPravda
300 _a113 s., 6,31 AH
_c21 cm
490 0 _aRovesník
500 _aIlustr. na front.
700 1 _aMarkova, Jekaterina Georgijevna
_4aut
700 1 _aLevárska, Eva
_4trl
700 1 _aBočkayová, Klára
_4bkd
700 1 _aŠtuková, Ľubica
_4bkd
958 _aA
999 _c12193
_d12193